Guess the song by the opening lines - Fletcher - Statistics

General Stats
  • This quiz has been taken 29 times
  • The average score is 23 of 32
Answer Stats
Hint Answer % Correct
We're talking small, like, "How you been?" Pretending
96%
Cry baby _____,Don't blame me, it's just the way God made her Serial Heartbreaker
96%
Girls, I got girls, only girls Going wild in my mind girls girls girls
92%
I wake up, puttin' makeup on a sad face,And Listerine ain't fixing this bad taste Becky's So Hot
88%
Number one Was a boy and he had the greenest eyes GIrl Of My Dreams
88%
We're standin' in the kitchenWe just fucked for like six hours Joyride
88%
Wish I coulg get a little ____ so I could uncall you Undrunk
88%
We started out as friends in the Lower EastDid a couple drugs at the house parties All Love
83%
Bleedin'First time we cut was the deepest Crush
83%
Your girlfriend never thanked me for being such a pyro Doing Better
83%
How are you doin'?Where have you been? Eras Of Us
83%
It's like being on the outside of an inside joke Bitter
79%
Ninty percent of the timeI'd say I'm pretty mature for my age Ego Talking
79%
Did we take it too far? MaybeDid I regret it then? No Two Things Can Be True
79%
You dream of me dressed in whiteI dream of you dressed up in nothin' Shh... Don't Say It
75%
I know my momShe'd make you your favorite dish Attached To You
71%
I was born to love youYou were born wild and free Lead Me On
71%
Here I fuckin' go againHoldin' up a match to everything I love Maybe I Am
71%
I know it's been a couple months, yeah, we should meet upI'll meet you downstairs at the subway station Sex (With My Ex)
71%
I've been feelingInside out in my feelings Healing
67%
Everybody tryna make me someone elseMakin' me feel I'm not good enough For Cari
63%
I found God the moment that I put my lips on yours Her Body Is Bible
63%
XO, do you ever miss me?You chose brand new over history Sting
63%
Launch me into your skyRemind me I'm alive Antidote
58%
I remember that time when you took my handLooked into my eye, said, " I got you, darling" Feel
58%
We got a lot of time to get it rightIt feels good to mess it up, maybe don't think about it Wasted Youth
58%
Cross my heart and hope to dieI'ma keep you up at night Last Laugh
54%
Last night, I had a dirty dream about youBaby, I'm thinking maybe we should make it real The One
54%
It was great 'til it wasn'tSummer nights on the Chelsea fuck you for ruining new york city for me
50%
No time's the right time to reach out but here I go Strangers
46%
I poured you a glass of wineAnd drank it for the second time If You're Gonna Lie
42%
It's the sick to your stomach feeling with a smile on your face I Believe You
33%
No matching quizzes found
Score Distribution
Percent of People with Each Score
Percentile by Number Answered
Your Score History
You have not taken this quiz